Ubú, rei / d'Alfred Jarry ; versió de Joan Oliver ; pròleg de Feliu Formosa
Descripción Física:
79 p. ; 18 cm
Colección:
Biblioteca teatral ; 22
MARC
| LEADER | 00000nam a2200000Ia 4500 | ||
|---|---|---|---|
| 001 | 2107 | ||
| 008 | 160829s1983 xx 000 0 cat d | ||
| 080 | |a L-1-211 | ||
| 100 | |a Jarry, Alfred |9 28692 | ||
| 245 | |a Ubú, rei / d'Alfred Jarry ; versió de Joan Oliver ; pròleg de Feliu Formosa | ||
| 260 | |a Barcelona : |b Institut del Teatre de la Diputació de Barcelona, |c 1983 | ||
| 300 | |a 79 p. ; |c 18 cm | ||
| 490 | |a Biblioteca teatral ; 22 | ||
| 590 | |a Premi Josep M. de Sagarra 1982 | ||
| 700 | 1 | |a Oliver, Joan, |d 1899-1986 |e traductor |9 27030 | |
| 700 | |a Formosa, Feliu, |d 1934- |e escriptor d'un pròleg |9 34955 | ||
| 710 | 1 | |a Institut del Teatre (Barcelona, Catalunya) |9 52662 | |
| 901 | |a Arxiu | ||
| 942 | |n 1 |2 udc | ||
| 952 | |0 0 |1 0 |4 0 |6 L1211 |7 1 |9 44909 |a Arxiu |b Arxiu |d 2016-12-01 |l 0 |o L-1-211 |p 2107 |r 2016-12-01 00:00:00 |w 2016-12-01 |y ARXIU | ||
| 999 | |c 47508 |d 47508 | ||